| 000 | 01857cam a22003735i 4500 | ||
|---|---|---|---|
| 999 |
_c27143 _d27115 |
||
| 001 | 18360990 | ||
| 003 | OSt | ||
| 005 | 20201128024406.0 | ||
| 008 | 141105r20142011enka frb 001 0 eng d | ||
| 020 | _a0857254499 | ||
| 020 | _a9780857254498 | ||
| 040 |
_aDLC _beng _erda _cDLC _dDLC _dEG-ScBUE |
||
| 082 | 0 | 4 |
_a610.73014 _222 _bBAC |
| 100 | 1 |
_aBach, Shirley, _936290 |
|
| 245 | 1 | 0 |
_aCommunication & interpersonal skills in nursing / _cShirley Bach & Alec Grant. |
| 246 | 3 | 0 | _aCommunication and interpersonal skills in nursing |
| 250 | _a2nd ed. | ||
| 264 | 1 |
_aLondon : _bLearning Matters / SAGE Publications, Ltd. ; _aThousand Oaks, California : _bSAGE Publications, Inc., _cc.2014. |
|
| 300 |
_aviii, 160 pages : _billustrations ; _c25 cm. |
||
| 336 |
_atext _2rdacontent |
||
| 337 |
_aunmediated _2rdamedia |
||
| 338 |
_avolume _2rdacarrier |
||
| 490 | 0 | _aTransforming nursing practice | |
| 500 | _a"Meeting the NMC standards and essential skills clusters."--Cover. | ||
| 500 | _aIncludes index. | ||
| 504 | _aBibliography : p. 177-187. | ||
| 505 | 0 | _aUnderstanding communication and interpersonal skills -- Evidence-based communication and interpersonal skills -- The safe and effective practice of communication and interpersonal skills -- Understanding potential barriers to the safe and effective practice of communication and interpersonal skills -- The learning and educational context of communication and interpersonal skills -- The environmental context of communication and interpersonal skills -- Population and diversity contexts of communication and interpersonal skills -- Beyond technique. | |
| 650 | 7 |
_aCommunication in nursing. _2BUEsh _942006 |
|
| 650 | 7 |
_aNurse and patient. _2BUEsh _912232 |
|
| 650 | 7 |
_aInterpersonal relations. _2BUEsh _9820 |
|
| 653 |
_bNNUR _cFebruary2019 |
||
| 700 | 1 | _aGrant, Alec, | |
| 942 |
_2ddc _cBB |
||